مستقبل المياه فى العالم العربى/ (Record no. 15818)
[ view plain ]
| 000 -الفاتح | |
|---|---|
| حقل البيانات ثابتة الطول | 00638nam a22001577a 4500 |
| 005 - وقت وتاريخ اخر تعامل مع التسجيلة | |
| رقم الضبط | 20110814145117.0 |
| 008 - عناصر البيانات ثابتة الطول - معلومات عامة | |
| حقل البيانات ثابتة الطول | 110814t xxu||||g |||| 000 0 ara d |
| 082 ## - رقم تصنيف ديوى العشرى | |
| رقم الطبعة | 22 |
| رقم التصنيف | 333.7 |
| رقم المادة | ط ا ه |
| 245 ## - بيان العنوان | |
| العنوان | مستقبل المياه فى العالم العربى/ |
| بيان المسئوليه,etc | حمدى الطاهرى |
| 260 ## - PUBLICATION, DISTRIBUTION, ETC. (IMPRINT) | |
| مكان الناشر او الموزع | [د.م]، |
| اسم الناشر او الموزع | [د.ن]،[1991] |
| تاريخ النشر أو التوزيع | [1991]. |
| 300 ## - الوصف المادى | |
| التعداد | 400ص، |
| أبعاد الوعاء | 24سم. |
| 650 ## - المدخل الاضافى بالموضوع-مصطلح موضوعى | |
| 9 (RLIN) | 26679 |
| مصطلح موضوعي أو اسم جغرافي كعنصر مدخل | الموارد الطبيعية |
| التقسيم الفرعي العام | |
| التقسيم الفرعي الجغرافي | الدول العربية |
| 653 ## - مصطلح تكشيفى غير مقيد | |
| Resource For college | |
| Arrived date list | August2011 |
| 942 ## - عناصر المدخل الإضافي( كوها) | |
| مصدر التصنيف او مخطط الترفيف | Dewey Decimal Classification |
| Koha [default] item type | |
| حالة التراجع | حالة الفقد | مصدر التصنيف او خطة الترفيف | حالة تلف | ليس للاعارة | مجموعات كوها | المكان الدائم | المكان الحالي | موقع الترفيف | تاريخ الاكتساب | Source of acquisition | رقم الاستدعاء | الباركود | Date last seen | نوع الوعاء |
|---|---|---|---|---|---|---|---|---|---|---|---|---|---|---|
| Dewey Decimal Classification | Central Library | Central Library | First floor | 14/08/2011 | Purchase | 333.7 ط ا ه | 000024445 | 15/07/2025 | Book - Borrowing |